000 01019nam a2200313 u 4500
001 000027272
003 DO-SdBPM
005 20260204125825.0
007 ta
008 100804s2010 dr r 000 p spa d
020 _a9789945872903
040 _aDO-SdBPM
_bspa
_cBPMSU
_drda
082 4 _aRD861.44
_bD542L 2010
_222
100 1 _aDíaz, Héctor J.,
_d1910-1950
245 1 0 _aLo que quiero :
_bantología poética /
_cHéctor J. Díaz; prólogo William Mejía.
264 _aSanto Domingo :
_bDirección General de la Feria del Libro ,
_c2010.
300 _a114 páginas ;
_c23 cm.
336 _atexto
_btxt
_2rdacontent
337 _asin mediación
_bn
_2rdamedia
338 _avolumen
_bnc
_2rdacarrier
504 _aBibliografía : págians 113-114
590 _aInventariado, 2026/VM
650 7 _aPoesía dominicana
650 7 _aLiteratura dominicana.
650 z _aDominican literature
700 1 _aMejía, William,
_eprólogo
910 _aVMateo V. Control de calidad. BPMSU
942 _2ddc
_cBK
999 _c15665
_d15665